000 00633nam a2200181 i 4500
001 120507
003 ES-MaACL
005 20250921063032.0
007 t|
008 070214s1917 sp r ||||1| spa d
100 1 _aPitollet, Camille,
_d1874-1964
_992417
245 1 0 _aEnsayo de un tratado de versificación comparada del castellano y del francés /
_cCamille Pitollet.
260 _aMadrid :
_b[s. n.],
_c1917 (
_fImp. de `Alrededor del Mundo`)
650 4 _aLengua española-
_xVersificación.
_9147950
650 0 4 _aLengua francesa-
_xVersificación.
_914235
852 _aES-MaACL
_j1533-F-12
999 _c120507
_d120507